Nghiên cứu hiệu quả xử lý asen trong nước dưới đất bằng phương pháp keo tụ điện hóa và oxy hóa bằng năng lượng mặt trời : Luận văn tốt nghiệp

Đề tài tiến hành thí nghiệm xử lý nước dưới đất bị nhiễm asen bằng phương pháp keo tụ.

Сохранить в:
Библиографические подробности
Главный автор: Nguyễn, Ngọc Diễm
Формат:
Язык:Undetermined
Опубликовано: Cần Thơ Trường Đại học Cần Thơ 2010
Предметы:
Метки: Добавить метку
Нет меток, Требуется 1-ая метка записи!
Thư viện lưu trữ: Trung tâm Học liệu Trường Đại học Cần Thơ
LEADER 01126nam a2200217Ia 4500
001 CTU_168103
008 210402s9999 xx 000 0 und d
082 |a 628.164 
082 |b D304 
100 |a Nguyễn, Ngọc Diễm 
245 0 |a Nghiên cứu hiệu quả xử lý asen trong nước dưới đất bằng phương pháp keo tụ điện hóa và oxy hóa bằng năng lượng mặt trời : 
245 0 |b Luận văn tốt nghiệp 
245 0 |c Nguyễn Ngọc Diễm, Trần Thị Lệ Hằng ; Lê Hoàng Việt, Nguyễn Văn Nàng (Cán bộ hướng dẫn) 
260 |a Cần Thơ 
260 |b Trường Đại học Cần Thơ 
260 |c 2010 
520 |a Đề tài tiến hành thí nghiệm xử lý nước dưới đất bị nhiễm asen bằng phương pháp keo tụ. 
650 |a Arsenic,Water,Asen,Nước 
650 |x Purification,Arsenic removal,Sự làm sạch,Sự loại bỏ Asen 
904 |i Năm 
980 |a Trung tâm Học liệu Trường Đại học Cần Thơ